1463 1544 1653 1402 1279 1209 1499 1272 1624 1096 1568 1061 1264 1293 1439 1967 1721 1947 1735 1911 1904 1558 1794 1756 1891 1546 1310 1017 1256 1263 1744 1598 1739 1839 1893 1487 1869 1197 1874 1080 1805 1223 1233 1689 1552 1185 1181 1761 1327 1394 1348 1015 1926 1880 1165 1564 1586 1085 1028 1309 1727 1876 1278 1828 1235 1826 1101 1801 1053 1827 1640 1190 1178 1045 1049 1787 1851 1683 1298 1735 1732 1116 1402 1861 1597 1676 1077 1463 1140 1463 1865 1966 1913 1844 1158 1745 1139 1723 1778 BCNSPRNW ULIB Ver.6.0+V

เปลี่ยนเป็นภาษาไทย

Change to English
 แสดงรายละเอียดบรรณานุกรม
  กลับหน้าหลัก

Brief Record : Get Marc (ISO 2709) : E-mail record : QR code < ปิดหน้าต่าง
LEADER : 00000nam 2200000uu 4500
001    13399122242
003     ULIB
008    130116s||||||||th 000 0 tha d
020    ^a9786162340123
060  4 ^aQY450^bล514ค
100 0  ^aลีลาวดี แก้วรังสี
245 10 ^aคู่มือตรวจเช็กร่างกายจากผลเลือด อุจจาระ ปัสสาวะ /^cลีลาวดี แก้วรังสี
250    ^aพิมพ์ครั้งที่ 1
260    ^aกรุงเทพฯ :^bFeel Good,^c2554
300    ^a207 หน้า
650  7 ^aเลือด^xการตรวจ
650  7 ^aปัสสาวะ^xการตรวจ
650  7 ^aการตรวจร่างกาย
945    ^p155^l0^i19730
945    ^p155^l0^i19731
945    ^p155^l0^i19941
995    ^aกัณชพร
999    ^aใช้งานได้ทุกระบบ
รายการนี้ยังไม่มีแท็ก
คุณยังไม่ได้ล็อกอิน คุณสามารถมีกิจกรรมร่วมกับเว็บไซต์ได้ แต่ต้องล็อกอินก่อน ::
  ล็อกอิน

รายการสื่อสารสนเทศ

ลำดับที่ ประเภท เลขเรียก/บาร์โค้ด สถานที่ สถานะ
1. วิทยาศาสตร์การแพทย์ และสุขภาพ
วิทยาศาสตร์การแพทย์ และสุขภาพ
สถานะ=หนังสือเก่า
QY450 ล514ค  
  Barcode: 19730
ห้องสมุดวิทยาเขตนครสวรรค์
►ส่วนจัดเก็บหนังสือเก่า นว.
บนชั้น
  ขอยืม
2. วิทยาศาสตร์การแพทย์ และสุขภาพ
วิทยาศาสตร์การแพทย์ และสุขภาพ
สถานะ=หนังสือเก่า
QY450 ล514ค ฉ.2 
  Barcode: 19731
ห้องสมุดวิทยาเขตนครสวรรค์
►ส่วนจัดเก็บหนังสือเก่า นว.
บนชั้น
  ขอยืม
3. วิทยาศาสตร์การแพทย์ และสุขภาพ
วิทยาศาสตร์การแพทย์ และสุขภาพ
สถานะ=หนังสือเก่า
QY450 ล514ค ฉ.3 
  Barcode: 19941
ห้องสมุดวิทยาเขตนครสวรรค์
►ส่วนจัดเก็บหนังสือเก่า นว.
บนชั้น
  ขอยืม

รายการใกล้เคียง
    ผู้แต่ง [ลีลาวดี แก้วรังสี]

    หัวเรื่อง [การตรวจร่างกาย]

BibComment


ยังไม่เคยถูกคอมเมนท์

คอมเมนท์ทรัพยากรรายการนี้
  คอมเมนท์: คู่มือตรวจเช็กร่..


 Copyright 2026. Bcnsprnw @Library